Normal view
MARC view
- التصميم في الفن التشكيلي-الفن
Entry Topical Term
001 - CONTROL NUMBER
- control field: 40270
003 - CONTROL NUMBER IDENTIFIER
- control field: JO-AjAnu
005 - DATE AND TIME OF LATEST TRANSACTION
- control field: 20230606080705.0
008 - FIXED-LENGTH DATA ELEMENTS
- fixed length control field: 230606|| aca||aabn | a|a d
040 ## - CATALOGING SOURCE
- Original cataloging agency: JO-AjAnu
- Transcribing agency: JO-AjAnu
150 ## - HEADING--TOPICAL TERM
- Topical term or geographic name entry element: التصميم في الفن التشكيلي-الفن
670 ## - SOURCE DATA FOUND
- Source citation: Work cat.: (JO-AjAnu)20642: عبد الحليم، فتح الباب تأليف/حافظ رشدان، أحمد م.مشارك, author 40269, التصميم في الفن التشكيلي